| 000 | 00605nam a2200193Ii 4500 | ||
|---|---|---|---|
| 003 | JO-AjNU | ||
| 008 | 230605s9999||||xx |||||||||||||| ||und|| | ||
| 017 | _a2006/12/3280 | ||
| 040 |
_aJO-AjNU _bara _erda _cJO-AjNU |
||
| 041 | _aara | ||
| 050 | 1 | 4 | _aQL467 2006 |
| 100 | 3 |
_aالموسى ، حسين, _eauthor _939200 |
|
| 245 | 0 | 0 | _aالحشرات الضارة يصحة الانسان والحيوان |
| 300 | _a192ص | ||
| 336 |
_atext _btxt _2rdacontent |
||
| 337 |
_aunmediated _bn _2rdamedia |
||
| 338 |
_avolume _bnc _2rdacarrier |
||
| 650 | 4 |
_aالحشرات-الانسان-الحيوان _939201 |
|
| 999 |
_aA16535 _c20103 _d20103 |
||